Loading...

Development for rural poor

Bibliographic Details
Main Author: Satyendra Tripathi
Format: Printed Book
Published: Jaipur Rawat Publications 1987
Subjects:
LEADER 00482nam a2200157 4500
082 |a 338.9 SAT-D 
100 |a Satyendra Tripathi 
245 |a Development for rural poor 
250
260 |a Jaipur  |b Rawat Publications  |c 1987 
300
490
650 |a Economic growth and development-- Economic Planning 
942 |c BK 
999 |c 228421  |d 228421 
952 |0 0  |1 0  |4 0  |6 338_900000000000000_SATD  |7 0  |9 242554  |a SDE  |b SDE  |d 2019-12-12  |l 0  |o 338.9 SAT-D  |p SDE7782  |r 2019-12-12  |w 2019-12-12  |y BK